000 00867nas a2200277 4500
001 BR2011004706
003 BR-BrBNA
005 20231205115538.0
007 ta
008 230509b bl.|||p| |||| 00| 00por d
040 _aBR-BrBNA
_bpor
_cBiblioteca Nacional de Agricultura
041 _a(Pt)
072 _aJ11
100 1 _aGoneli, A.L.D.
100 1 _aCorrêa, P.C.
100 1 _aResende, O.
100 1 _aNogueira, B.L.
100 1 _aBotelho, F.M.
245 1 _aModelagem matemática do equilíbrio higroscópico dos grãos de arroz em casca obtido pelos métodos estático e dinâmico
650 _aARROZ EM CASCA
650 _aGRÃO
650 _aUMIDADE
773 0 _tRevista Brasileira de Armazenamento (Brazil)
_xISSN 0100-3518
_g(2007), v. 32(2) p. 152-160
_wBR2011004706
909 _a202311
_bLúcia
_c55
_dLúcia Elande
942 _2AGRIS
_n0
_cANA
999 _c214359
_d214359